| 000 | 00591nam a22001697a 4500 | ||
|---|---|---|---|
| 003 | MACL | ||
| 005 | 20160412113018.0 | ||
| 008 | 160412b xxu||||| |||| 00| 0 eng d | ||
| 040 | _cMACL | ||
| 041 | _aHindi | ||
| 082 | _a610 | ||
| 100 |
_aचटर्जी सुचित्रा वी _951881 |
||
| 245 | _aभारतीय स्त्री स्वास्थ्य समस्याऍ | ||
| 260 |
_aनई दिल्ली _bआरोग्य निधि प्रकाशन _c2006 |
||
| 650 |
_aMedical Science _951882 |
||
| 942 |
_2ddc _cHIN |
||
| 999 |
_c53772 _d53772 |
||